Départements créés ou modifiés après la Révolution française - Statistiques

Statistiques générales
  • Ce quiz a été pris 240 fois
  • Le résultat moyen est 15 sur 21
Statistiques - réponses
Année Département % Correct
1968 Seine-Saint-Denis
84%
1968 Val-d'Oise
84%
1982 Paris
83%
1968 Val-de-Marne
83%
1968 Yvelines
82%
1968 Essonne
80%
1968 Hauts-de-Seine
80%
2011 Mayotte
76%
1860 Savoie
75%
1860 Haute-Savoie
74%
1922 Territoire de Belfort
73%
1860 Alpes-Maritimes
71%
1946 Guadeloupe
70%
1946 La Réunion
70%
1946 Martinique
70%
1976 Corse-du-Sud
68%
1976 Haute-Corse
68%
1946 Guyane
67%
1793 Loire
51%
1793 Vaucluse
42%
1808 Tarn-et-Garonne
28%
Aucun quiz correspondant
Distribution des résultats
% des personnes avec chaque résultat
Percentile par nombre de réponses
Votre historique - résultats
Vous n’avez pas pris ce quiz